Statystyki dla Quiz o Płocku

Kliknij tutaj aby rozwiązać quiz!

Ogólne statystyki

  • Ten quiz został rozwiązany 32 razy
  • Średni wynik to 2 z 5

Statystyki odpowiedzi

HintOdpowiedź% Poprawnych
Jak się nazywa klub piłkarski?Wisła Płock
100%
Ile jest Galerii i Centr w Płocku?7
72%
Ile jest Osiedli w Płocku?23
60%
Jak się nazywają drogi krajowe przechodzące przez Płock?DK60 i DK62
4%
Jak się nazywają drogi wojewódzkie przechodzące przez Płock?DW559, DW562, DW564, DW567 i DW575
0%

Rozkład punktacji

Percentyl według liczby udzielonych odpowiedzi

Procent ludzi z każdym wynikiem

Twoja historia wyników

Nie rozwiązałeś tego quizu